Lineárna algebra a jej miesto, úloha a využitie v ekonómii bakalárska práca

Uložené v:
Podrobná bibliografia
Hlavný autor: Drábová, Kristína
Korporativný autor: Fakulta hospodárskej informatiky EU. Katedra matematiky a aktuárstva
Ďalší autori: Peller, František
Médium: Kniha
Jazyk:Slovak
Vydavateľské údaje: Bratislava 2014
Tagy: Pridať tag
Žiadne tagy, Buďte prvý, kto otaguje tento záznam!

MARC

LEADER 00000nbm a2200000 4500
001 0189900
005 20170201112758.0
041 0 |a slo 
044 |a SK 
245 1 0 |a Lineárna algebra a jej miesto, úloha a využitie v ekonómii  |b bakalárska práca  |c Kristína Drábová ; školiteľ: František Peller 
264 1 |a Bratislava  |c 2014 
300 |a 37 s. 
100 1 |a Drábová, Kristína 
700 1 |a Peller, František 
710 2 |a Fakulta hospodárskej informatiky EU. Katedra matematiky a aktuárstva